LEADER 01475nam 2200481 450 001 9910467678503321 005 20200520144314.0 010 $a1-4438-9610-1 035 $a(CKB)4340000000205569 035 $a(MiAaPQ)EBC5061759 035 $a(Au-PeEL)EBL5061759 035 $a(CaPaEBR)ebr11447778 035 $a(CaONFJC)MIL1039556 035 $a(OCoLC)1005611329 035 $a(EXLCZ)994340000000205569 100 $a20171023h20172017 uy 0 101 0 $aeng 135 $aurcnu|||||||| 181 $2rdacontent 182 $2rdamedia 183 $2rdacarrier 200 12$aA conceptual metaphor account of word composition $epotentiality of "light" in English and Chinese /$fMeihua Zheng 210 1$aNewcastle upon Tyne, England :$cCambridge Scholars Publishing,$d2017. 210 4$dİ2017 215 $a1 online resource (123 pages) $cillustrations, tables 311 $a1-4438-9141-X 320 $aIncludes bibliographical references and index. 606 $aMetaphor 606 $aLinguistics$xMethodology 606 $aChinese language 608 $aElectronic books. 615 0$aMetaphor. 615 0$aLinguistics$xMethodology. 615 0$aChinese language. 676 $a808.032 700 $aZheng$b Meihua$0965769 801 0$bMiAaPQ 801 1$bMiAaPQ 801 2$bMiAaPQ 906 $aBOOK 912 $a9910467678503321 996 $aA conceptual metaphor account of word composition$92191306 997 $aUNINA LEADER 03173nam 2200553Ia 450 001 9910781999603321 005 20230725051547.0 010 $a1-57506-618-1 035 $a(CKB)2550000000052396 035 $a(OCoLC)759160107 035 $a(CaPaEBR)ebrary10495942 035 $a(SSID)ssj0000534085 035 $a(PQKBManifestationID)11331195 035 $a(PQKBTitleCode)TC0000534085 035 $a(PQKBWorkID)10493154 035 $a(PQKB)11450841 035 $a(MiAaPQ)EBC3155587 035 $a(Au-PeEL)EBL3155587 035 $a(CaPaEBR)ebr10495942 035 $a(EXLCZ)992550000000052396 100 $a20091228d2010 uy 0 101 0 $aeng 135 $aurcn||||||||| 181 $ctxt 182 $cc 183 $acr 200 10$aAramaic in postbiblical Judaism and early Christianity$b[electronic resource] $epapers from the 2004 National Endowment for the Humanities Summer Seminar at Duke University /$fedited by Eric M. Meyers and Paul V.M. Flesher 210 $aWinona Lake, Ind. $cEisenbrauns$d2010 215 $a1 online resource (322 p.) 225 1 $aDuke Judaic studies series ;$vv. 3 300 $aBibliographic Level Mode of Issuance: Monograph 311 $a1-57506-178-3 320 $aIncludes bibliographical references and indexes. 327 $aAwakening sleeping texts. Reconsidering the letter of Mara Bar Serapion / David Rensberger ; Transgressive: meaning and implications of 'wl' in Jewish Syriac text and translation / Sigrid Peterson ; The composition of the Qenneshra?e fragment / Michael Penn ; A note on an Aramaic date formula found at Nabratein and Zoar / Eric M. Meyers ; When? After the destruction of the temple / Paul V.M. Flesher -- The details of language. The function of the active participle in the Aramaic of Daniel / Tarsee Li ; Tracing the history of a legal term of art: the word azarah in biblical, Tannaitic, and Targumic literature / Madeline Kochen ; The adverb YLWA ("perhaps") in the piety and prophecy of the Hebrew Bible and early versions / William Reader ; Translating the Hebrew particle UA YK into Aramaic and English: an exploration through the Targums and the Peshitta / Blane W. Conklin -- Recasting : Making an old text new. The use of the first person in the Genesis apocryphon / Stephen A. Reed ; Syntactic double translation in the Targumim / Michael Carasik ; The fish grows bigger: angelic insertions in Targums Neofiti and pseudo-Jonathan / David L. Everson ; Hapax Legomena and the development of proto-Onqelos: the case of Genesis / Kyong-Jin Lee ; The wisdom of the sages: Rabbinic rewriting of Qohelet / Paul V.M. Flesher. 410 0$aDuke Judaic studies series ;$vv. 3. 606 $aAramaic language$vCongresses 606 $aSyriac language$vCongresses 615 0$aAramaic language 615 0$aSyriac language 676 $a492.2 701 $aFlesher$b Paul Virgil McCracken$01472147 701 $aMeyers$b Eric M$0647292 801 0$bMiAaPQ 801 1$bMiAaPQ 801 2$bMiAaPQ 906 $aBOOK 912 $a9910781999603321 996 $aAramaic in postbiblical Judaism and early Christianity$93684837 997 $aUNINA